| 000 | 00442 a2200145 4500 | ||
|---|---|---|---|
| 999 |
_c3183 _d3183 |
||
| 020 | _a0000 | ||
| 050 | _aJC578 ENG 2018 | ||
| 110 | _aInternational Community of Jurists | ||
| 245 |
_aEngaging Africa- based Human Rights Mechanisims: _bA Handbook for NGOs and CSOs |
||
| 264 |
_aGeneva _bInternational Community of Jurists _c2018 |
||
| 300 | _a96p., | ||
| 500 | _aHuman Rights | ||
| 650 |
_aAfrica _xHuman Rights |
||
| 942 |
_2olc _cBK _h578 _iENG _kJC |
||